[Event "Titled Tuesday intern op 04th Jan"]
[Site "Chess.com INT"]
[Date "2022.01.04"]
[Round "3"]
[White "Vifleemskaia, Svetlana"]
[Black "Pigusov, Evgeny"]
[Result "1-0"]
[WhiteElo "1926"]
[BlackElo "2555"]
[PlyCount "67"]
[EventDate "2022.01.04"]
[EventType "swiss (blitz)"]
[EventRounds "11"]
[EventCountry "USA"]
[SourceTitle "EXT 2023"]
[Source "ChessBase"]
[SourceDate "2022.10.05"]
[SourceVersion "1"]
[SourceVersionDate "2022.10.05"]
[SourceQuality "1"]

1. d4 Nf6 2. c4 e6 3. Nc3 Bb4 4. e3 c5 5. Nge2 cxd4 6. exd4 d5 7. a3 Bxc3+ 8. Nxc3 dxc4 9. Bxc4 Nc6 10. Be3 0-0 11. 0-0 b6 12. d5 exd5 13. Nxd5 Be6 14. Nxf6+ Qxf6 15. Bxe6 Qxe6 16. Qa4 Ne5 17. h3 a6 18. Qe4 b5 19. a4 Nc4 20. Qxe6 fxe6 21. Bc5 Rfc8 22. b4 Nd2 23. Rfe1 Nb3 24. Ra3 Nxc5 25. bxc5 b4 26. Rb3 a5 27. Rxe6 Rxc5 28. Re7 Rf5 29. Rbe3 h6 30. Rb7 Rf7 31. Rb5 Rfa7 32. h4 Kf7 33. h5 Re8 34. Rf5+ 1-0

[Event "Speed Chess GP3"]
[Site "Chess.com INT"]
[Date "2021.10.02"]
[Round "9"]
[White "Pigusov, Evgeny"]
[Black "Gabrielian, Artur"]
[Result "1-0"]
[WhiteElo "2555"]
[BlackElo "2464"]
[PlyCount "107"]
[EventDate "2021.10.02"]
[EventType "swiss (blitz)"]
[EventRounds "10"]
[EventCountry "USA"]
[SourceTitle "CBM 204 Extra"]
[Source "ChessBase"]
[SourceDate "2021.11.30"]
[SourceVersion "1"]
[SourceVersionDate "2021.11.30"]
[SourceQuality "1"]

1. Nf3 Nf6 2. c4 g6 3. g3 Bg7 4. Bg2 0-0 5. d4 d6 6. Nc3 Nbd7 7. 0-0 e5 8. e4 exd4 9. Nxd4 Re8 10. h3 Nc5 11. Re1 Bd7 12. b4 Ne6 13. Nb3 Ng5 14. Bxg5 h6 15. Be3 Qc8 16. Kh2 Be6 17. Nd5 c6 18. Nxf6+ Bxf6 19. Rc1 h5 20. Qd2 h4 21. g4 b6 22. g5 Bg7 23. f4 a5 24. bxa5 bxa5 25. Bd4 Bf8 26. Ba1 Bg7 27. Bxg7 Kxg7 28. Qxd6 Rd8 29. Qe5+ Kg8 30. Nc5 Bxh3 31. f5 Bxg2 32. Kxg2 Rd2+ 33. Kf3 Qd8 34. Rh1 Qxg5 35. Rcg1 Qh5+ 36. Rg4 h3 37. Qg3 Rad8 38. Rxh3 R8d3+ 39. Nxd3 Rxd3+ 40. Kf4 Qxh3 41. Qxh3 Rxh3 42. fxg6 Ra3 43. Rg2 Kg7 44. gxf7+ Kxf7 45. Ke5 Rc3 46. Kd4 Ra3 47. Kc5 Re3 48. Kxc6 Rxe4 49. c5 a4 50. Rd2 Rb4 51. Kd7 a3 52. Rd3 Kf6 53. c6 Rb2 54. c7 1-0

[Event "Speed Chess GP3"]
[Site "Chess.com INT"]
[Date "2021.10.02"]
[Round "6"]
[White "Pigusov, Evgeny"]
[Black "Rustemov, Alexander"]
[Result "0-1"]
[WhiteElo "2555"]
[BlackElo "2525"]
[PlyCount "120"]
[EventDate "2021.10.02"]
[EventType "swiss (blitz)"]
[EventRounds "10"]
[EventCountry "USA"]
[SourceTitle "CBM 204 Extra"]
[Source "ChessBase"]
[SourceDate "2021.11.30"]
[SourceVersion "1"]
[SourceVersionDate "2021.11.30"]
[SourceQuality "1"]

1. Nf3 c5 2. c4 g6 3. g3 Bg7 4. Bg2 Nc6 5. 0-0 b6 6. Nc3 Bb7 7. e3 Bxc3 8. bxc3 d6 9. d3 Qc7 10. e4 Nf6 11. Bh6 Ng4 12. Bd2 h5 13. Qe2 0-0-0 14. h3 Nge5 15. Ne1 f6 16. f4 Nd7 17. Nc2 Rdg8 18. Ne3 g5 19. f5 g4 20. h4 Nde5 21. Nd5 Qd8 22. Kh2 Nf3+ 23. Bxf3 gxf3 24. Rxf3 Rg4 25. Rf4 Rhg8 26. Rxg4 Rxg4 27. Ne3 Ne5 28. Nxg4 Nxg4+ 29. Kh3 Qe8 30. a4 a5 31. Be1 Bc6 32. Qd1 Kb7 33. Qc2 e6 34. fxe6 Qxe6 35. Qb2 Ne5+ 36. Kh2 Nxd3 37. Qe2 Ne5 38. Bd2 Ng4+ 39. Kg1 Bxe4 40. Bf4 Qf5 41. Rd1 Ne5 42. Rxd6 Bc6 43. Rxf6 Qxf6 44. Qxe5 Qxe5 45. Bxe5 Bxa4 46. Bf4 Bd1 47. Kf2 a4 48. Ke1 Bb3 49. Bc1 Bxc4 50. Kd2 Be6 51. Kc2 b5 52. Bh6 Kc6 53. Bf8 Kd5 54. Kb2 Kc4 55. Be7 b4 56. cxb4 cxb4 57. Bf8 a3+ 58. Ka1 Kb5 59. Be7 Ka4 60. Bd6 b3 0-1

[Event "EU-ch Online 2300+ Final"]
[Site "Chess.com INT"]
[Date "2020.05.30"]
[Round "8"]
[White "Ibrahimli, Murad Sultanali"]
[Black "Pigusov, Evgeny"]
[Result "1-0"]
[WhiteElo "2436"]
[BlackElo "2555"]
[PlyCount "93"]
[EventDate "2020.05.30"]
[EventType "swiss"]
[EventRounds "8"]
[EventCountry "NET"]
[SourceTitle "CBM 196 Extra"]
[Source "ChessBase"]
[SourceDate "2020.07.31"]
[SourceVersion "1"]
[SourceVersionDate "2020.07.31"]
[SourceQuality "1"]

1. d4 d5 2. c4 e6 3. Nf3 Nf6 4. g3 Be7 5. Bg2 0-0 6. 0-0 b6 7. b3 Bb7 8. Bb2 Na6 9. Nc3 c5 10. cxd5 Nxd5 11. Nxd5 Bxd5 12. Rc1 Rc8 13. Re1 Be4 14. Ne5 Bxg2 15. Kxg2 Nb4 16. a3 Nc6 17. Nxc6 Rxc6 18. dxc5 Rxc5 19. b4 Qa8+ 20. e4 Rxc1 21. Qxc1 Rc8 22. Qd1 Bf8 23. h4 Rc4 24. Qd3 Qc6 25. Re2 a5 26. bxa5 bxa5 27. h5 h6 28. Be5 a4 29. f3 Rc5 30. Bd4 Rxh5 31. Rc2 Qb5 32. Qxb5 Rxb5 33. Rc8 f6 34. Ra8 Kf7 35. Rxa4 Rb3 36. Ra7+ Kg6 37. a4 e5 38. Bg1 Rb2+ 39. Kh3 Rb3 40. a5 Rxf3 41. Ra8 Rf1 42. Kg2 Ra1 43. a6 Bb4 44. a7 Ra2+ 45. Kh3 Be1 46. Rc8 Ra3 47. a8Q 1-0

[Event "EU-ch Online 2300+ Final"]
[Site "Chess.com INT"]
[Date "2020.05.30"]
[Round "7"]
[White "Pigusov, Evgeny"]
[Black "Jones, Gawain C B"]
[Result "1-0"]
[WhiteElo "2555"]
[BlackElo "2670"]
[PlyCount "145"]
[EventDate "2020.05.30"]
[EventType "swiss"]
[EventRounds "8"]
[EventCountry "NET"]
[SourceTitle "CBM 196 Extra"]
[Source "ChessBase"]
[SourceDate "2020.07.31"]
[SourceVersion "1"]
[SourceVersionDate "2020.07.31"]
[SourceQuality "1"]

1. Nf3 g6 2. c4 Bg7 3. d4 Nf6 4. g3 0-0 5. Bg2 d6 6. Nc3 Nc6 7. 0-0 a6 8. e3 Rb8 9. Qe2 e6 10. Rd1 Ne7 11. e4 Nd7 12. e5 dxe5 13. dxe5 b6 14. Ne4 Qe8 15. Bg5 h6 16. Bxh6 f5 17. Bxg7 fxe4 18. Ng5 Kxg7 19. Nxe6+ Kg8 20. Nxc7 Qd8 21. Ne6 Qe8 22. Nxf8 Nxf8 23. Bxe4 Be6 24. b3 Qf7 25. Rac1 Nd7 26. f4 Nc5 27. Bf3 a5 28. Rd2 Kg7 29. Rcd1 a4 30. Qe3 Nf5 31. Qc3 axb3 32. axb3 b5 33. cxb5 Nxb3 34. Rd7 Ne7 35. Rc7 Rxb5 36. Rdd7 Bxd7 37. e6+ Qf6 38. Qxf6+ Kxf6 39. exd7 Rb8 40. Rb7 Rd8 41. Rb6+ Kg7 42. Rxb3 Rxd7 43. Rb7 Rxb7 44. Bxb7 Kf6 45. h4 Nf5 46. Kg2 Nd6 47. Ba6 Nf5 48. Bd3 Nd4 49. Kf2 Ne6 50. Ke3 Ng7 51. g4 Ne6 52. Bc4 Nc5 53. Kd4 Nd7 54. Bd3 Nb6 55. Be4 Nc8 56. Kc5 Ne7 57. g5+ Kf7 58. Kd6 Nc8+ 59. Kc7 Ne7 60. Kd7 Kf8 61. Ke6 Ke8 62. Kf6 Kf8 63. Bxg6 Nd5+ 64. Ke5 Ne3 65. Bd3 Kg7 66. h5 Ng4+ 67. Kf5 Ne3+ 68. Ke4 Nd1 69. h6+ Kf7 70. f5 Nf2+ 71. Kd4 Nh3 72. g6+ Kf6 73. g7 1-0

[Event "EU-ch Online 2300+ Final"]
[Site "Chess.com INT"]
[Date "2020.05.30"]
[Round "6"]
[White "Zakaryan, David"]
[Black "Pigusov, Evgeny"]
[Result "1/2-1/2"]
[WhiteElo "2342"]
[BlackElo "2555"]
[PlyCount "84"]
[EventDate "2020.05.30"]
[EventType "swiss"]
[EventRounds "8"]
[EventCountry "NET"]
[SourceTitle "CBM 196 Extra"]
[Source "ChessBase"]
[SourceDate "2020.07.31"]
[SourceVersion "1"]
[SourceVersionDate "2020.07.31"]
[SourceQuality "1"]

1. e4 c5 2. Nc3 Nc6 3. Nf3 g6 4. d4 cxd4 5. Nxd4 Bg7 6. Be3 Nf6 7. Bc4 0-0 8. Bb3 a5 9. a4 Ng4 10. Qxg4 Nxd4 11. Bxd4 Bxd4 12. Qg3 d6 13. 0-0-0 Bxc3 14. Qxc3 Qb6 15. Qd4 Qc7 16. h4 Be6 17. Bxe6 fxe6 18. h5 Rf6 19. hxg6 Rxg6 20. Rd3 Rc8 21. Rc3 Qd7 22. Rxc8+ Qxc8 23. e5 Qf8 24. g3 d5 25. b3 Qf5 26. Rh4 Rg5 27. Qc5 Qxe5 28. Qxe7 h5 29. Qd8+ Kg7 30. Qxa5 Qa1+ 31. Kd2 Re5 32. Qc7+ Kg6 33. Rf4 Rf5 34. Rxf5 Qd4+ 35. Kc1 Qa1+ 36. Kd2 Qd4+ 37. Ke2 Qe4+ 38. Kf1 Qh1+ 39. Ke2 Qe4+ 40. Kd1 Qd4+ 41. Ke1 Qe4+ 42. Kd2 Qd4+ 1/2-1/2

[Event "EU-ch Online 2300+ Qual"]
[Site "Chess.com INT"]
[Date "2020.05.29"]
[Round "1"]
[White "Djordjevic, Vuk D"]
[Black "Pigusov, Evgeny"]
[Result "0-1"]
[WhiteElo "2347"]
[BlackElo "2555"]
[PlyCount "78"]
[EventDate "2020.05.29"]
[EventType "swiss"]
[EventRounds "8"]
[EventCountry "NET"]
[SourceTitle "CBM 196 Extra"]
[Source "ChessBase"]
[SourceDate "2020.07.31"]
[SourceVersion "1"]
[SourceVersionDate "2020.07.31"]
[SourceQuality "1"]

1. d4 Nf6 2. Bg5 e6 3. e4 h6 4. Bxf6 Qxf6 5. c3 d6 6. Bd3 g6 7. Ne2 Bg7 8. 0-0 Qe7 9. f4 e5 10. Nd2 exd4 11. Nxd4 0-0 12. N2f3 Nd7 13. Re1 a6 14. Qd2 Nc5 15. Bc2 Ne6 16. Re3 Nxf4 17. Rae1 Be5 18. Bb3 Kg7 19. Qf2 Bd7 20. Nh4 Kh7 21. Kh1 Rac8 22. Rf3 c5 23. Ne2 Nxe2 24. Rxe2 c4 25. Bc2 Bg4 26. Rd2 Bxf3 27. Nxf3 b5 28. Rd5 Kg7 29. a3 Rb8 30. Qd2 a5 31. Bd1 Rfc8 32. a4 b4 33. Rxa5 bxc3 34. bxc3 Rb1 35. Rd5 Rc5 36. Rxc5 dxc5 37. Qc2 Ra1 38. Kg1 Qd6 39. Nxe5 Rxd1+ 0-1

[Event "Wch Blitz"]
[Site "Moscow"]
[Date "2019.12.30"]
[Round "15"]
[White "Pigusov, Evgeny"]
[Black "Postny, Evgeny"]
[Result "0-1"]
[WhiteElo "2555"]
[BlackElo "2605"]
[PlyCount "102"]
[EventDate "2019.12.29"]
[EventType "swiss (blitz)"]
[EventRounds "21"]
[EventCountry "RUS"]
[SourceTitle "CBM 193 Extra"]
[Source "ChessBase"]
[SourceDate "2020.01.31"]
[SourceVersion "1"]
[SourceVersionDate "2020.01.31"]
[SourceQuality "1"]

1. Nf3 d5 2. g3 Nd7 3. d4 b5 4. Bg2 Bb7 5. 0-0 e6 6. c3 c5 7. a4 b4 8. dxc5 Bxc5 9. cxb4 Bxb4 10. Qd4 Bf8 11. b4 Be7 12. Ra2 Bf6 13. Qd1 Ne7 14. Bb2 0-0 15. Bxf6 Nxf6 16. Ne5 Qd6 17. Qd4 Nf5 18. Qb2 Rfc8 19. Nd2 Ne4 20. Nxe4 dxe4 21. b5 Bd5 22. Raa1 h5 23. Nc6 Bxc6 24. bxc6 Qxc6 25. Qb5 Qxb5 26. axb5 Nd4 27. Bxe4 Nxe2+ 28. Kg2 Rab8 29. Bd3 Nc3 30. Rxa7 Nxb5 31. Bxb5 Rxb5 32. Ra2 g5 33. Rfa1 Kg7 34. Ra5 Rxa5 35. Rxa5 Kg6 36. h3 Rc4 37. Ra6 Kf5 38. Ra5+ e5 39. f3 Rc2+ 40. Kg1 f6 41. Ra6 h4 42. gxh4 Kf4 43. hxg5 Kg3 44. Kf1 fxg5 45. Rg6 Kxf3 46. Ke1 Rg2 47. Rf6+ Ke3 48. Kf1 Rg3 49. Rg6 e4 50. Rg8 Rf3+ 51. Ke1 Rxh3 0-1

[Event "Wch Blitz"]
[Site "Moscow"]
[Date "2019.12.30"]
[Round "14"]
[White "Riazantsev, Alexander"]
[Black "Pigusov, Evgeny"]
[Result "0-1"]
[WhiteElo "2639"]
[BlackElo "2555"]
[PlyCount "194"]
[EventDate "2019.12.29"]
[EventType "swiss (blitz)"]
[EventRounds "21"]
[EventCountry "RUS"]
[SourceTitle "CBM 193 Extra"]
[Source "ChessBase"]
[SourceDate "2020.01.31"]
[SourceVersion "1"]
[SourceVersionDate "2020.01.31"]
[SourceQuality "1"]

1. d4 Nf6 2. c4 c5 3. d5 e6 4. Nc3 exd5 5. cxd5 d6 6. Nf3 g6 7. Bf4 Nh5 8. Bg5 Be7 9. Bh6 Bf8 10. Bxf8 Kxf8 11. e3 a6 12. Be2 Bg4 13. Nd2 Bxe2 14. Qxe2 b5 15. a4 b4 16. Nce4 Nf6 17. 0-0 Kg7 18. Nxf6 Qxf6 19. Nc4 Nd7 20. f4 Rhe8 21. Qd3 Qe7 22. b3 f5 23. a5 Nf6 24. Rae1 Ne4 25. h3 Ra7 26. Kh2 Qh4 27. Qd1 h5 28. Qf3 Qf6 29. g3 Qc3 30. Qd1 Qf6 31. Qc2 Qc3 32. Rc1 Qf6 33. Rg1 Rae7 34. Qe2 Nc3 35. Qf3 Ne4 36. Rg2 Rh8 37. Kg1 Kf8 38. Qe2 Ra7 39. Qd3 Rhh7 40. Nb6 Ke8 41. Nc4 Kd7 42. Qe2 Kc8 43. Kh2 Kb8 44. Qb2 Qxb2 45. Rxb2 Rae7 46. Kg2 Kc7 47. Kf3 Re8 48. Rh1 Reh8 49. Rg2 Kd7 50. Nb6+ Ke7 51. Nc4 Kf6 52. Rhg1 Ke7 53. Ke2 Nf6 54. Kd3 Kd7 55. Nb6+ Kc7 56. Re1 Re8 57. Ke2 Rhe7 58. Kf3 Rh7 59. Rd1 Ne4 60. Nc4 Nf6 61. Nb6 Ne4 62. Rgg1 Nf6 63. Nc4 Ree7 64. Rd3 Re8 65. Ke2 Ree7 66. Kd2 Re8 67. Kc2 Ree7 68. Nd2 Rh8 69. Nc4 Rhe8 70. Kd2 Ne4+ 71. Ke2 Nf6 72. Kf3 Kd7 73. Re1 Kc7 74. Kg2 Kd7 75. Nd2 Kc7 76. Nf3 Ne4 77. Nh4 Rg8 78. Nf3 Rge8 79. Re2 Nc3 80. Re1 Ne4 81. Nh4 Rg8 82. Rdd1 Nc3 83. Rd2 Ne4 84. Rd3 Kd7 85. Nf3 Rge8 86. Nh4 Rg8 87. Nf3 Rge8 88. Nh2 c4 89. bxc4 Nc5 90. Rd2 Rxe3 91. Rxe3 Rxe3 92. Nf3 Ra3 93. Nh4 Rxa5 94. Nxg6 b3 95. Kf3 Ra2 96. Rd1 b2 97. Rb1 Na4 0-1

[Event "Wch Blitz"]
[Site "Moscow"]
[Date "2019.12.29"]
[Round "12"]
[White "Frolyanov, Dmitry"]
[Black "Pigusov, Evgeny"]
[Result "1-0"]
[WhiteElo "2556"]
[BlackElo "2555"]
[PlyCount "87"]
[EventDate "2019.12.29"]
[EventType "swiss (blitz)"]
[EventRounds "21"]
[EventCountry "RUS"]
[SourceTitle "CBM 193 Extra"]
[Source "ChessBase"]
[SourceDate "2020.01.31"]
[SourceVersion "1"]
[SourceVersionDate "2020.01.31"]
[SourceQuality "1"]

1. e4 c5 2. Nf3 Nc6 3. Nc3 g6 4. d4 cxd4 5. Nxd4 Bg7 6. Be3 Nf6 7. Bc4 0-0 8. Bb3 a5 9. 0-0 d6 10. Ndb5 b6 11. a4 Nd7 12. Re1 Nc5 13. Bc4 Bb7 14. Bf1 Na7 15. Bd4 Nxb5 16. Nxb5 Bxd4 17. Qxd4 Bc6 18. Nc3 Rc8 19. Qe3 Qd7 20. b3 Qe6 21. Rad1 Qf6 22. Nd5 Bxd5 23. exd5 Rc7 24. Rd4 Rfc8 25. h3 h5 26. Bb5 Rd8 27. Qd2 Nd7 28. Bxd7 Rdxd7 29. c4 Rd8 30. Rde4 Re8 31. Qe3 Rb7 32. h4 Qg7 33. g3 Qf6 34. Kg2 Qg7 35. Rf4 Qb2 36. Qf3 Qg7 37. Re3 Rd7 38. Qe2 Rb7 39. Ref3 Rf8 40. Qe3 Qb2 41. g4 hxg4 42. Rxg4 Qg7 43. h5 Qh6 44. Qxh6 1-0

[Event "Wch Blitz"]
[Site "Moscow"]
[Date "2019.12.29"]
[Round "4"]
[White "Tregubov, Pavel V"]
[Black "Pigusov, Evgeny"]
[Result "0-1"]
[WhiteElo "2588"]
[BlackElo "2555"]
[PlyCount "76"]
[EventDate "2019.12.29"]
[EventType "swiss (blitz)"]
[EventRounds "21"]
[EventCountry "RUS"]
[SourceTitle "CBM 193 Extra"]
[Source "ChessBase"]
[SourceDate "2020.01.31"]
[SourceVersion "1"]
[SourceVersionDate "2020.01.31"]
[SourceQuality "1"]

1. e4 c5 2. Nf3 Nc6 3. c3 Nf6 4. e5 Nd5 5. d4 cxd4 6. cxd4 d6 7. Bc4 Nb6 8. Bb5 dxe5 9. Nxe5 Bd7 10. Nxd7 Qxd7 11. Nc3 e6 12. 0-0 Rd8 13. Qg4 h5 14. Qh3 a6 15. Bxc6 Qxc6 16. Bg5 f6 17. Be3 Kf7 18. Rac1 Qd7 19. Rfd1 Be7 20. Ne4 Nd5 21. Nc5 Bxc5 22. dxc5 Qc6 23. a3 Qa4 24. Rd4 Qb3 25. c6 bxc6 26. Rxc6 Ne7 27. Rxd8 Rxd8 28. Qxh5+ Kg8 29. Rc1 Nf5 30. Qf3 Nxe3 31. fxe3 Qxb2 32. Rf1 Qxa3 33. Qe4 Qd6 34. h3 Qd5 35. Qa4 a5 36. Rb1 Qe5 37. Qa3 Qe4 38. Rc1 Rd2 0-1

[Event "Wch Rapid"]
[Site "Moscow"]
[Date "2019.12.28"]
[Round "11"]
[White "Pigusov, Evgeny"]
[Black "Savchenko, Boris"]
[Result "1/2-1/2"]
[WhiteElo "2555"]
[BlackElo "2577"]
[PlyCount "146"]
[EventDate "2019.12.26"]
[EventType "swiss (rapid)"]
[EventRounds "15"]
[EventCountry "RUS"]
[SourceTitle "CBM 193 Extra"]
[Source "ChessBase"]
[SourceDate "2020.01.31"]
[SourceVersion "1"]
[SourceVersionDate "2020.01.31"]
[SourceQuality "1"]

1. Nf3 c5 2. c4 Nc6 3. Nc3 Nf6 4. g3 d6 5. Bg2 Bd7 6. d4 cxd4 7. Nxd4 g6 8. 0-0 Bg7 9. e3 h5 10. b3 h4 11. Bb2 Qc8 12. Nd5 Kf8 13. Nxc6 Bxc6 14. e4 hxg3 15. hxg3 Ne8 16. Bxg7+ Nxg7 17. Rc1 Qd8 18. f4 Rh7 19. Bf3 e5 20. Bg4 exf4 21. Rxf4 Qg5 22. Qf3 Nh5 23. Bxh5 Qxh5 24. Qxh5 Rxh5 25. Rcf1 Rh7 26. Nf6 Rh3 27. Kg2 Rh8 28. Nd5 Rh7 29. Nc7 Rb8 30. Ne6+ Kg8 31. Ng5 Rg7 32. Nxf7 g5 33. Rf6 Bxe4+ 34. Kg1 d5 35. Nh6+ Kh7 36. Ng4 Re7 37. Rf7+ Rxf7 38. Rxf7+ Kg6 39. Ne5+ Kh6 40. Rf6+ Kg7 41. Rf7+ Kh6 42. Rf6+ Kg7 43. Rf7+ Kg8 44. Rc7 Rf8 45. Rxb7 dxc4 46. Rb4 Bb1 47. bxc4 Bxa2 48. Rb2 Rf5 49. Rxa2 Rxe5 50. Rxa7 Re3 51. Kf2 Rc3 52. Rc7 g4 53. c5 Kf8 54. c6 Ke8 55. Rc8+ Ke7 56. c7 Rf3+ 57. Kg2 Rc3 58. Kf2 Rf3+ 59. Ke2 Kd6 60. Rg8 Kxc7 61. Rxg4 Ra3 62. Kf2 Kd6 63. Re4 Ra8 64. Kf3 Rf8+ 65. Rf4 Rg8 66. g4 Ke5 67. Rf7 Ke6 68. Rf5 Ra8 69. Kf4 Rb8 70. Kg5 Rg8+ 71. Kh4 Rh8+ 72. Rh5 Rg8 73. Rh7 Kf6 1/2-1/2

[Event "Wch Rapid"]
[Site "Moscow"]
[Date "2019.12.27"]
[Round "7"]
[White "Thing, Bibek"]
[Black "Pigusov, Evgeny"]
[Result "1-0"]
[WhiteElo "2222"]
[BlackElo "2555"]
[PlyCount "82"]
[EventDate "2019.12.26"]
[EventType "swiss (rapid)"]
[EventRounds "15"]
[EventCountry "RUS"]
[SourceTitle "CBM 193 Extra"]
[Source "ChessBase"]
[SourceDate "2020.01.31"]
[SourceVersion "1"]
[SourceVersionDate "2020.01.31"]
[SourceQuality "1"]

1. e4 c5 2. Nf3 Nc6 3. c3 d5 4. exd5 Qxd5 5. d4 Nf6 6. Be2 Bg4 7. c4 Qd6 8. d5 Bxf3 9. Bxf3 Nd4 10. 0-0 g6 11. Be3 Nf5 12. Bg5 Bg7 13. Nc3 0-0 14. g3 Nd4 15. Bg2 h6 16. Bf4 Qd7 17. Re1 Rad8 18. Qd2 Kh7 19. h4 e6 20. Rad1 exd5 21. Nxd5 Nxd5 22. cxd5 Rfe8 23. Be3 b6 24. b4 Qf5 25. bxc5 bxc5 26. Rc1 Rc8 27. Qd1 Red8 28. Kh2 Qf6 29. h5 g5 30. Qg4 Qd6 31. Rc4 f5 32. Qd1 f4 33. Bxd4 cxd4 34. Rxc8 Rxc8 35. Qd3+ Kh8 36. Re6 Qf8 37. Qg6 fxg3+ 38. fxg3 Qf2 39. d6 d3 40. Re8+ Rxe8 41. Qxe8+ Bf8 1-0

[Event "Wch Rapid"]
[Site "Moscow"]
[Date "2019.12.26"]
[Round "2"]
[White "Pigusov, Evgeny"]
[Black "Gelfand, Boris"]
[Result "1/2-1/2"]
[WhiteElo "2555"]
[BlackElo "2684"]
[PlyCount "95"]
[EventDate "2019.12.26"]
[EventType "swiss (rapid)"]
[EventRounds "15"]
[EventCountry "RUS"]
[SourceTitle "CBM 193 Extra"]
[Source "ChessBase"]
[SourceDate "2020.01.31"]
[SourceVersion "1"]
[SourceVersionDate "2020.01.31"]
[SourceQuality "1"]

1. Nf3 c5 2. c4 Nc6 3. Nc3 g6 4. e3 Nf6 5. d4 cxd4 6. exd4 d5 7. cxd5 Nxd5 8. Bc4 Nxc3 9. Qb3 e6 10. bxc3 Bd7 11. Be2 Na5 12. Qd1 Bg7 13. Ba3 Bf8 14. Bc1 Rc8 15. 0-0 f6 16. Re1 Bd6 17. Nd2 0-0 18. c4 Qc7 19. h3 b6 20. Bb2 Bh2+ 21. Kh1 Bf4 22. d5 exd5 23. Nb3 dxc4 24. Nxa5 bxa5 25. Bxc4+ Qxc4 26. Qxd7 Rc7 27. Qe6+ Qxe6 28. Rxe6 Rc2 29. Bd4 Rd2 30. Bxa7 Be5 31. Be3 Rc2 32. Rd1 Rxa2 33. g4 g5 34. Rd7 Rf7 35. Rd8+ Kg7 36. Ree8 Rb7 37. Rh8 Kg6 38. Rdg8+ Rg7 39. Ra8 a4 40. Ra6 Rd7 41. Rha8 Bf4 42. Rxa4 Rxa4 43. Rxa4 Bxe3 44. fxe3 Rd3 45. Re4 h5 46. gxh5+ Kxh5 47. Kg2 Kg6 48. Kf2 1/2-1/2

[Event "Sibiria Region-chT"]
[Site "Kemerovo"]
[Date "2010.11.19"]
[Round "1"]
[White "Chigaev, Maksim"]
[Black "Pigusov, Evgeny"]
[Result "0-1"]
[WhiteElo "2266"]
[BlackElo "2564"]
[PlyCount "118"]
[EventDate "2010.11.19"]
[EventType "team-tourn"]
[EventRounds "5"]
[EventCountry "RUS"]
[SourceTitle "EXT 2012"]
[Source "ChessBase"]
[SourceDate "2011.11.24"]
[SourceVersion "1"]
[SourceVersionDate "2011.11.24"]
[SourceQuality "1"]

1. e4 c5 2. Nf3 Nc6 3. d4 cxd4 4. Nxd4 g6 5. c4 Bg7 6. Be3 Nf6 7. Nc3 0-0 8. Be2 d6 9. 0-0 Nd7 10. Qd2 Nc5 11. Rfd1 Bd7 12. Rab1 a5 13. b3 Nxd4 14. Bxd4 Bc6 15. f3 Bxd4+ 16. Qxd4 Qb6 17. a3 Nd7 18. Qxb6 Nxb6 19. Nd5 Bxd5 20. cxd5 Rfc8 21. Rdc1 Kg7 22. Kf2 f5 23. Ke3 Kf6 24. Kd4 Nd7 25. Bb5 Nc5 26. Rc3 e5+ 27. Ke3 f4+ 28. Kd2 Rc7 29. Rbc1 Rac8 30. Kd1 Ke7 31. Rc4 Kd8 32. R1c3 g5 33. Kc2 Nd7 34. Rxc7 Rxc7 35. Rxc7 Kxc7 36. Kc3 Nf6 37. h3 h5 38. b4 Kb6 39. Be2 g4 40. hxg4 hxg4 41. Kd3 gxf3 42. gxf3 Nh5 43. Kc3 Ng3 44. Bd3 Nh1 45. Bf1 Nf2 46. Kd2 Nh1 47. Kc3 Ng3 48. Bd3 Nh5 49. Bf1 Nf6 50. Bh3 Ne8 51. Bd7 Nc7 52. Kc4 axb4 53. axb4 Ka6 54. Bc8 Ka7 55. Bd7 Kb6 56. Bc8 Nb5 57. Bd7 Nd4 58. Bg4 Kc7 59. Kc3 Kd8 0-1

[Event "RUS-chT2"]
[Site "Sochi"]
[Date "2008.04.09"]
[Round "7"]
[White "Gutov, Andrey"]
[Black "Pigusov, Evgeny"]
[Result "0-1"]
[WhiteElo "2467"]
[BlackElo "2558"]
[PlyCount "92"]
[EventDate "2008.04.03"]
[EventType "team-tourn"]
[EventRounds "9"]
[EventCountry "RUS"]
[SourceTitle "CBM 123 Extra"]
[Source "ChessBase"]
[SourceDate "2008.05.06"]
[SourceVersion "1"]
[SourceVersionDate "2008.05.06"]
[SourceQuality "1"]

1. d4 d5 2. c4 e6 3. Nc3 Be7 4. cxd5 exd5 5. Bf4 c6 6. e3 Bd6 7. Nge2 Ne7 8. Bxd6 Qxd6 9. Nf4 Ng6 10. Nh5 0-0 11. Bd3 Nh4 12. g3 Nf5 13. Qf3 Ne7 14. g4 c5 15. Qg3 Qxg3 16. hxg3 h6 17. dxc5 Bxg4 18. Be2 Be6 19. 0-0 Rc8 20. b4 b6 21. Na4 Nd7 22. Ba6 Rc7 23. Rfc1 bxc5 24. Nxc5 Nxc5 25. bxc5 Rb8 26. Nf4 Bd7 27. Rc3 Kf8 28. Ne2 Bc8 29. Bd3 Bf5 30. Bxf5 Nxf5 31. Nd4 Nxd4 32. exd4 Rb2 33. Re1 Rd2 34. Rb3 g6 35. Rb4 a5 36. Ra4 Rb7 37. c6 Rc7 38. Rc1 Ke7 39. Rc5 Kd6 40. Rcxa5 Rxc6 41. Ra7 Ke6 42. Rb7 h5 43. Rb3 g5 44. Kg2 g4 45. Rb7 f6 46. Rh7 Rd1 0-1

[Event "Sibiria Region-chT"]
[Site "Kemerovo"]
[Date "2007.12.10"]
[Round "4"]
[White "Feofanov, Vladimir"]
[Black "Pigusov, Evgeny"]
[Result "1/2-1/2"]
[WhiteElo "2301"]
[BlackElo "2558"]
[PlyCount "81"]
[EventDate "2007.12.07"]
[EventType "team-tourn"]
[EventRounds "7"]
[EventCountry "RUS"]
[SourceTitle "CBM 122 Extra"]
[Source "ChessBase"]
[SourceDate "2008.03.04"]
[SourceVersion "1"]
[SourceVersionDate "2008.03.04"]
[SourceQuality "1"]

1. d4 Nf6 2. c4 e6 3. g3 c5 4. d5 exd5 5. cxd5 d6 6. Nc3 g6 7. Bg2 Bg7 8. Nf3 0-0 9. 0-0 Nbd7 10. h3 a6 11. a4 Rb8 12. Rb1 Qc7 13. b3 Re8 14. Bb2 Qa5 15. Nd2 b5 16. axb5 axb5 17. Nce4 Qc7 18. Nxf6+ Nxf6 19. Re1 Bd7 20. e4 Re7 21. f4 Rbe8 22. Bxf6 Bxf6 23. e5 Bf5 24. Ne4 Bxe5 25. fxe5 Bxe4 26. Rxe4 Rxe5 27. Rxe5 Rxe5 28. Ra1 Qe7 29. Ra8+ Kg7 30. Qa1 b4 31. Kh2 h5 32. h4 g5 33. hxg5 Qxg5 34. Re8 h4 35. gxh4 Qxh4+ 36. Kg1 Qg3 37. Rxe5 dxe5 38. Qc1 e4 39. Qxc5 Qe1+ 40. Kh2 Qh4+ 41. Kg1 1/2-1/2

[Event "RUS-chT2"]
[Site "Sochi"]
[Date "2007.05.07"]
[Round "5"]
[White "Babula, Vlastimil"]
[Black "Pigusov, Evgeny"]
[Result "1/2-1/2"]
[WhiteElo "2586"]
[BlackElo "2556"]
[PlyCount "29"]
[EventDate "2007.05.03"]
[EventType "team"]
[EventRounds "9"]
[EventCountry "RUS"]
[SourceTitle "EXT 2020"]
[Source "ChessBase"]
[SourceDate "2019.10.17"]
[SourceVersion "1"]
[SourceVersionDate "2019.10.17"]
[SourceQuality "1"]
[WhiteTeam "Sankt Petersburg FINEK"]
[WhiteTeamCountry "RUS"]

1. d4 d5 2. c4 e6 3. Nc3 Be7 4. Nf3 Nf6 5. Bg5 h6 6. Bh4 0-0 7. e3 b6 8. Bd3 Bb7 9. 0-0 Nbd7 10. Bg3 c5 11. cxd5 Nxd5 12. Nxd5 Bxd5 13. Rc1 Nf6 14. dxc5 Bxc5 15. Ne5 1/2-1/2

[Event "Moscow Aeroflot op-A"]
[Site "Moscow"]
[Date "2004.02.21"]
[Round "5"]
[White "Pigusov, Evgeny"]
[Black "Ravi, Lanka"]
[Result "0-1"]
[WhiteElo "2572"]
[BlackElo "2462"]
[PlyCount "66"]
[EventDate "2004.02.17"]
[EventType "swiss"]
[EventRounds "9"]
[EventCountry "RUS"]
[SourceTitle "EXT 2005"]
[Source "ChessBase"]
[SourceDate "2004.11.15"]
[SourceVersion "1"]
[SourceVersionDate "2004.11.15"]
[SourceQuality "1"]

1. Nf3 Nf6 2. c4 b6 3. g3 c5 4. Bg2 Bb7 5. Nc3 g6 6. 0-0 Bg7 7. d4 cxd4 8. Qxd4 d6 9. Rd1 Nbd7 10. b3 Rc8 11. Be3 0-0 12. Qh4 a6 13. Rac1 Rc7 14. Ne1 Qb8 15. Nd5 Nxd5 16. cxd5 Nf6 17. Rb1 b5 18. Bg5 Re8 19. e4 Bc8 20. h3 h5 21. Qf4 b4 22. Qd2 a5 23. Nc2 Ba6 24. Nd4 Rc3 25. Nc6 Qc7 26. Rbc1 e6 27. Qf4 Nh7 28. Rxc3 bxc3 29. Bh6 Bh8 30. Rc1 Bb5 31. a4 Bxc6 32. dxc6 Rb8 33. Bg5 Qxc6 0-1